Miss Leavitt's stars : (Record no. 9564)

MARC details
000 -LEADER
fixed length control field 00770nam a22002292 4500
001 - CONTROL NUMBER
control field 0000021136
005 - DATE AND TIME OF LATEST TRANSACTION
control field 20151217152226.0
008 - FIXED-LENGTH DATA ELEMENTS--GENERAL INFORMATION
fixed length control field 120116s xx 000 0 eng d
020 ## - INTERNATIONAL STANDARD BOOK NUMBER
International Standard Book Number 0393328562 :
040 ## - CATALOGING SOURCE
Original cataloging agency KABU
Transcribing agency KABU
100 1# - MAIN ENTRY--PERSONAL NAME
Personal name Johnson, George.
-- 0000181842
245 10 - TITLE STATEMENT
Title Miss Leavitt's stars :
Remainder of title the untold story of the woman who discovered how to measure the universe /
Statement of responsibility, etc. George Johnson.
250 ## - EDITION STATEMENT
Edition statement 1st ed.
260 ## - PUBLICATION, DISTRIBUTION, ETC. (IMPRINT)
Place of publication, distribution, etc. London :
Name of publisher, distributor, etc. W. W. Norton,
Date of publication, distribution, etc. 2005.
300 ## - PHYSICAL DESCRIPTION
Extent xiii, 162 p.
600 10 - SUBJECT ADDED ENTRY--PERSONAL NAME
Personal name Leavitt, Henrietta Swan,
Dates associated with a name 1869-1921.
-- 0000181843
650 #0 - SUBJECT ADDED ENTRY--TOPICAL TERM
Topical term or geographic name as entry element Astronomy
General subdivision History.
-- 0000181844
650 #0 - SUBJECT ADDED ENTRY--TOPICAL TERM
Topical term or geographic name as entry element Astronomical photometry.
-- 0000181845
852 1# - LOCATION
-- p1215 KES
908 ## - PUT COMMAND PARAMETER (RLIN)
Put command parameter 120116
950 ## - LOCAL HOLDINGS (RLIN)
-- 1
Holdings
Withdrawn status Lost status Source of classification or shelving scheme Not for loan Home library Current library Date acquired Total Checkouts Full call number Barcode Date last seen Date last checked out Price effective from Koha item type
    Library of Congress Classification   Kabarak, Main Campus Kabarak, Main Campus 17/12/2015 1 QB807 .J64 2005 c. 1 20464 27/03/2021 16/03/2021 17/12/2015 General Collection
Designed with assistance from East African Informatics Ltd